| 000 | 00414pab a2200157 454500 | ||
|---|---|---|---|
| 008 | 180718b2008 xxu||||| |||| 00| 0 eng d | ||
| 100 | _aSrivatsan, R. | ||
| 245 | _aFrom Ambedkar to Thakkar and beyond: towards a genealogy of our activisms | ||
| 260 | _c2008 | ||
| 300 | _ap.96-102. | ||
| 362 | _a27 Sep | ||
| 650 | _aAmbedkar, B.R. | ||
| 773 | _aEconomic and Political Weekly | ||
| 908 | _aN | ||
| 909 | _a79906 | ||
| 999 |
_c79906 _d79906 |
||